000 01035nam a2200205Ia 4500
001 dp5/21-44352
003 IT-MiCISF
008 161014s9999||||xx |||||||||||||| ||und||
040 _aIT-MiCISF
_cIT-MiCISF
041 _ait
100 _aAA.VV.
245 0 _aFamiglia e procreazione umana
_bCommenti sul documento
250 _a1a ed.
260 _a Città del Vaticano
_bLibreria Editrice Vaticana
_c2007
300 _app. 3-291
500 _aPontificio Consiglio per la Famiglia - Lopez Trujillo A., Romer K.J., Lobato Casado A., Melina L. , Gutiérrez Garcìa J.L., Spieker M., Scola A., Gil Hellìn F., Schooyans M., Lacroix X., Waldstein M., Pell G., Vingt-Trois A., Kung K., Anatrella T., Serra A., Grzéskowia A. / accoglienza-della-vita, etica, procreazione-responsabile, fertilità, sessualità, magistero, procreazione-artificiale, matrimonio, famiglia, differenza-sessuale, denatalità, società, diritti-bambino, diritto-alla-vita / documento
650 _aprocreazione
942 _cBK
957 _71
999 _a44352
_bsi
_g1
_c209059
_d209059